000 00715nam a2200241 a 4500
001 000047241
003 DO-SdBNP
005 20240419095736.0
008 180425s2017 dr 000 spa d
020 _a9789945194012
040 _aDO-SdBNP
_bspa
_cBPMSU
082 4 _aA863.5
_bS127c 2017
_222
100 1 _aSáenz, Pablo María
_d1960-
245 1 3 _aLa cueva del vidente. /
_cPablo María Sáenz. ; edición Ruth Herrera
260 _aSanto Domingo :
_bLoqueleo,
_c2017.
300 _a147 p. ;
_c22 cm.
590 _aInventariado,2024/VM
650 4 _aNovela argentina
650 4 _aLiteratura argentina
700 1 _aHerrera, Ruth
_eedición
910 _aVMateo V. Control de calidad. BPMSU
942 _2ddc
_cBK
999 _c14632
_d14632